01287nam a2200313Ia 4500001001200000003000800012006001900020007001500039008004100054010001700095020002200112020002500134040002100159035002100180050002200201100001700223245007500240246003500315260011100350300004000461504006400501533015200565650002400717650004300741655002900784710001700813856012600830999001700956ebr10264163CaPaEBRm u cr cn|||||||||080510s2009 maudg sb 001 0 eng d z 2008929215 z159863531X (pbk.) z9781598635317 (pbk.) aCaPaEBRcCaPaEBR a(OCoLC)47113294314aMT67b.C67 2009eb1 aCope, Danny.10aRighting wrongs in writing songsh[electronic resource] /cDanny Cope.3 aRighting wrongs, writing songs aBoston, MA, USA :bCourse Technology ;a[Milwaukee, WI :bDistributed by Hal Leonard Corporation],cc2009. axii, 339 p. :bill., charts, music. aIncludes bibliographical references (p. 327-328) and index. aElectronic reproduction.bPalo Alto, Calif. :cebrary,d2009.nAvailable via World Wide Web.nAccess may be limited to ebrary affiliated libraries. 0aComposition (Music) 0aPopular musicxWriting and publishing. 7aElectronic books.2local2 aebrary, Inc.40uhttp://site.ebrary.com/lib/rucke/Doc?id=10264163zAn electronic book accessible through the World Wide Web; click to view c11976d11976